[Event "GRE-ch U14"]
[Site "Peristeri"]
[Date "2024.06.28"]
[Round "9"]
[White "Giakamozis, Apostolos"]
[Black "Loukakis, Nikolaos"]
[Result "0-1"]
[WhiteElo "1593"]
[BlackElo "1626"]
[PlyCount "52"]
[EventDate "2024.06.22"]
[EventType "swiss"]
[EventRounds "9"]
[EventCountry "GRE"]
[SourceTitle "EXT 2025"]
[Source "ChessBase"]
[SourceDate "2024.10.14"]
[SourceVersion "1"]
[SourceVersionDate "2024.10.14"]
[SourceQuality "1"]

1. d4 Nf6 2. c4 e6 3. Nc3 d5 4. e3 Be7 5. Nf3 0-0 6. Be2 b6 7. 0-0 Bb7 8. b3 Nbd7 9. Bb2 c5 10. Qc2 Rc8 11. Rfd1 Qc7 12. Nb5 Qb8 13. Ne5 a6 14. Nxd7 Nxd7 15. Nc3 cxd4 16. exd4 f5 17. Qd2 Rf6 18. Re1 Bd6 19. g3 f4 20. Bf1 Rg6 21. cxd5 fxg3 22. fxg3 Bxg3 23. hxg3 Qxg3+ 24. Qg2 Qh4 25. Qxg6 hxg6 26. dxe6 Qg3+ 0-1

[Event "GRE-ch U14"]
[Site "Peristeri"]
[Date "2024.06.27"]
[Round "8"]
[White "Loukakis, Nikolaos"]
[Black "Kantzaris, Ilias"]
[Result "1/2-1/2"]
[WhiteElo "1626"]
[BlackElo "1577"]
[PlyCount "71"]
[EventDate "2024.06.22"]
[EventType "swiss"]
[EventRounds "9"]
[EventCountry "GRE"]
[SourceTitle "EXT 2025"]
[Source "ChessBase"]
[SourceDate "2024.10.14"]
[SourceVersion "1"]
[SourceVersionDate "2024.10.14"]
[SourceQuality "1"]

1. b3 e5 2. Bb2 Nc6 3. e3 Nf6 4. Nf3 Bd6 5. d4 exd4 6. Nxd4 Nxd4 7. Bxd4 0-0 8. Bd3 Re8 9. 0-0 c6 10. Nd2 Bc7 11. Qf3 Be5 12. Bxe5 Rxe5 13. Nc4 Re7 14. Nd6 Qc7 15. Nf5 Re6 16. Nd4 Re8 17. c4 d5 18. h3 Qe5 19. cxd5 Qxd5 20. Qxd5 Nxd5 21. a3 Bd7 22. Rac1 a6 23. Rfd1 Rac8 24. b4 Nc7 25. Nb3 Rcd8 26. Rd2 Bc8 27. Rcd1 Kf8 28. Kf1 Re7 29. Bc4 Rxd2 30. Rxd2 Rd7 31. Rxd7 Bxd7 32. Nc5 Bc8 33. Ne4 Ke7 34. Ke2 f6 35. Kd2 b6 36. Kc3 1/2-1/2

[Event "GRE-ch U14"]
[Site "Peristeri"]
[Date "2024.06.26"]
[Round "7"]
[White "Kilaidakis, Ioannis"]
[Black "Loukakis, Nikolaos"]
[Result "1/2-1/2"]
[WhiteElo "1573"]
[BlackElo "1626"]
[PlyCount "60"]
[EventDate "2024.06.22"]
[EventType "swiss"]
[EventRounds "9"]
[EventCountry "GRE"]
[SourceTitle "EXT 2025"]
[Source "ChessBase"]
[SourceDate "2024.10.14"]
[SourceVersion "1"]
[SourceVersionDate "2024.10.14"]
[SourceQuality "1"]

1. e4 c5 2. Nf3 e6 3. d4 cxd4 4. Nxd4 Nf6 5. Nc3 Nc6 6. a3 Be7 7. Nxc6 dxc6 8. Qxd8+ Bxd8 9. e5 Nd5 10. Ne4 Bc7 11. c4 Nb6 12. f4 Nd7 13. Be3 f6 14. exf6 Nxf6 15. Nxf6+ gxf6 16. Rd1 e5 17. fxe5 Bxe5 18. Bd4 Bg4 19. Be2 Bxe2 20. Kxe2 0-0-0 21. Bxe5 fxe5 22. Rxd8+ Kxd8 23. Rf1 Ke7 24. Rf5 Rg8 25. Kf3 Ke6 26. Rh5 Rg7 27. Rh6+ Kf5 28. Rh5+ Ke6 29. Rh6+ Kf5 30. Rh5+ Ke6 1/2-1/2

[Event "GRE-ch U14"]
[Site "Peristeri"]
[Date "2024.06.25"]
[Round "6"]
[White "Loukakis, Nikolaos"]
[Black "Stavropoulos, Sotirios"]
[Result "1/2-1/2"]
[WhiteElo "1626"]
[BlackElo "1767"]
[PlyCount "67"]
[EventDate "2024.06.22"]
[EventType "swiss"]
[EventRounds "9"]
[EventCountry "GRE"]
[SourceTitle "EXT 2025"]
[Source "ChessBase"]
[SourceDate "2024.10.14"]
[SourceVersion "1"]
[SourceVersionDate "2024.10.14"]
[SourceQuality "1"]

1. b3 Nf6 2. Bb2 d5 3. e3 c5 4. Nf3 Nc6 5. h3 Bf5 6. Bb5 h6 7. 0-0 e6 8. d4 Rc8 9. dxc5 Bxc5 10. c4 a6 11. cxd5 exd5 12. Bxc6+ bxc6 13. Nd4 Bd7 14. Nc3 0-0 15. Na4 Bd6 16. Nf3 Re8 17. Rc1 Ne4 18. Qd4 f6 19. Qb6 a5 20. Qxd8 Rexd8 21. Rfd1 Be8 22. Nd4 Kf7 23. f3 Ng5 24. Nc5 Rb8 25. Rc2 Rdc8 26. Ba3 Bf8 27. Bc1 Be7 28. Bd2 Ra8 29. Rdc1 Ra7 30. Kf2 g6 31. a3 h5 32. b4 axb4 33. Bxb4 Nh7 34. Ne2 1/2-1/2

[Event "GRE-chT 49th"]
[Site "Thessaloniki"]
[Date "2022.08.16"]
[Round "6.7"]
[White "Mavrogeorgos, Ilias"]
[Black "Loukakis, Nikolaos"]
[Result "1-0"]
[WhiteElo "1091"]
[BlackElo "1134"]
[PlyCount "87"]
[EventDate "2022.08.12"]
[EventType "team-swiss"]
[EventRounds "7"]
[EventCountry "GRE"]
[SourceTitle "CBM 209 Extra"]
[Source "ChessBase"]
[SourceDate "2022.09.30"]
[SourceVersion "1"]
[SourceVersionDate "2022.09.30"]
[SourceQuality "1"]
[WhiteTeam "Erakleioe Attikes"]
[BlackTeam "Chania Kethon"]
[WhiteTeamCountry "GRE"]
[BlackTeamCountry "GRE"]

1. d4 d5 2. c4 e6 3. Nf3 Nf6 4. g3 Nc6 5. Bg2 dxc4 6. 0-0 Be7 7. Bf4 0-0 8. e3 Bd6 9. Bg5 h6 10. Bxf6 Qxf6 11. Nbd2 Qf5 12. Nxc4 Qb5 13. Rc1 Bd7 14. Nfd2 Nb4 15. a3 Nc6 16. Rc3 Qg5 17. Ne4 Qe7 18. Nexd6 cxd6 19. d5 Ne5 20. Nxe5 dxe5 21. d6 Qd8 22. Bxb7 Rb8 23. Rc7 Bb5 24. Re1 Rxb7 25. Rxb7 Bc6 26. Rxa7 Qb8 27. Rc7 Qa8 28. e4 Bxe4 29. Rxe4 Qxe4 30. d7 Qa8 31. b4 Qb8 32. Qd6 Rd8 33. Qc6 Rxd7 34. Rc8+ Qxc8 35. Qxc8+ Kh7 36. Qxd7 f5 37. Qxe6 f4 38. b5 h5 39. b6 h4 40. b7 fxg3 41. hxg3 h3 42. Kh2 e4 43. b8Q e3 44. Qbg8# 1-0

[Event "GRE-chT 49th"]
[Site "Thessaloniki"]
[Date "2022.08.15"]
[Round "5.10"]
[White "Loukakis, Nikolaos"]
[Black "Koutsoukis, Georgios A"]
[Result "0-1"]
[WhiteElo "1134"]
[BlackElo "1172"]
[PlyCount "158"]
[EventDate "2022.08.12"]
[EventType "team-swiss"]
[EventRounds "7"]
[EventCountry "GRE"]
[SourceTitle "CBM 209 Extra"]
[Source "ChessBase"]
[SourceDate "2022.09.30"]
[SourceVersion "1"]
[SourceVersionDate "2022.09.30"]
[SourceQuality "1"]
[WhiteTeam "Chania Kethon"]
[BlackTeam "Treis Asteres"]
[WhiteTeamCountry "GRE"]
[BlackTeamCountry "GRE"]

1. c4 e5 2. Nc3 Nf6 3. g3 Bb4 4. Bg2 0-0 5. Nf3 d6 6. 0-0 Be6 7. d3 Nc6 8. Qb3 Qd7 9. Bd2 Rab8 10. Nd5 Bxd2 11. Nxf6+ gxf6 12. Nxd2 Rfe8 13. Ne4 Qd8 14. e3 Kf8 15. Nc3 Ke7 16. Bxc6 bxc6 17. Qa4 Qd7 18. f3 Rb7 19. Rab1 Ra8 20. b4 Qe8 21. g4 a6 22. a3 Rbb8 23. Rf2 c5 24. Qxe8+ Kxe8 25. Rfb2 cxb4 26. Rxb4 Rxb4 27. Rxb4 Kd7 28. Ne4 f5 29. Nf6+ Ke7 30. Nxh7 fxg4 31. fxg4 Bxg4 32. c5 Bf5 33. cxd6+ cxd6 34. Rb7+ Ke8 35. Nf6+ Kf8 36. e4 Be6 37. Kf2 Rc8 38. Rb6 Ke7 39. Nh5 a5 40. Ra6 Rc5 41. Ng7 Rc2+ 42. Kg3 Rc3 43. Nxe6 Kxe6 44. Rxa5 Rxd3+ 45. Kg4 Rd4 46. Kf3 f5 47. exf5+ Kxf5 48. Ra8 e4+ 49. Ke3 Rd3+ 50. Ke2 Ke5 51. a4 Rh3 52. a5 Rxh2+ 53. Ke3 Rh3+ 54. Ke2 Ra3 55. a6 Kd4 56. a7 d5 57. Kd2 e3+ 58. Kc2 e2 59. Kd2 Ra2+ 60. Ke1 Kd3 61. Re8 Rxa7 62. Rxe2 d4 63. Rd2+ Kc3 64. Ke2 Re7+ 65. Kd1 d3 66. Ra2 Rd7 67. Rh2 Rg7 68. Rh1 Rg2 69. Rf1 Rd2+ 70. Kc1 Ra2 71. Kb1 Rb2+ 72. Kc1 d2+ 73. Kd1 Rb1+ 74. Ke2 Rxf1 75. Kxf1 d1Q+ 76. Kg2 Qd3 77. Kf2 Kd4 78. Ke1 Qc2 79. Kf1 Ke5 0-1

[Event "GRE-chT 49th"]
[Site "Thessaloniki"]
[Date "2022.08.14"]
[Round "4.6"]
[White "Gerasopoulos, Nikolaos"]
[Black "Loukakis, Nikolaos"]
[Result "1/2-1/2"]
[WhiteElo "1538"]
[BlackElo "1134"]
[PlyCount "70"]
[EventDate "2022.08.12"]
[EventType "team-swiss"]
[EventRounds "7"]
[EventCountry "GRE"]
[SourceTitle "CBM 209 Extra"]
[Source "ChessBase"]
[SourceDate "2022.09.30"]
[SourceVersion "1"]
[SourceVersionDate "2022.09.30"]
[SourceQuality "1"]
[WhiteTeam "Thessaloniki ES"]
[BlackTeam "Chania Kethon"]
[WhiteTeamCountry "GRE"]
[BlackTeamCountry "GRE"]

1. e4 c5 2. Nf3 Nc6 3. c3 Nf6 4. e5 Nd5 5. d4 cxd4 6. cxd4 d6 7. exd6 Qxd6 8. Nc3 Nxc3 9. bxc3 Bf5 10. Bd3 Bxd3 11. Qxd3 e6 12. Bb2 Be7 13. 0-0 0-0 14. Rfe1 Bf6 15. c4 Rfd8 16. Rad1 Qb4 17. Bc3 Qa3 18. Qd2 Qa4 19. Qd3 e5 20. Re4 exd4 21. Bxd4 Nb4 22. Qb3 Qxb3 23. axb3 Nc2 24. Rd2 Nxd4 25. Nxd4 Bxd4 26. Rdxd4 Rxd4 27. Rxd4 Re8 28. Kf1 Kf8 29. Rd7 Re7 30. Rd8+ Re8 31. Rxe8+ Kxe8 32. Ke2 Kd7 33. Kd3 Kd6 34. Kd4 b6 35. f3 f6 1/2-1/2

[Event "GRE-chT 49th"]
[Site "Thessaloniki"]
[Date "2022.08.13"]
[Round "3.10"]
[White "Loukakis, Nikolaos"]
[Black "Rousos, Georgios Iasonas"]
[Result "1-0"]
[WhiteElo "1134"]
[BlackElo "1203"]
[PlyCount "58"]
[EventDate "2022.08.12"]
[EventType "team-swiss"]
[EventRounds "7"]
[EventCountry "GRE"]
[SourceTitle "CBM 209 Extra"]
[Source "ChessBase"]
[SourceDate "2022.09.30"]
[SourceVersion "1"]
[SourceVersionDate "2022.09.30"]
[SourceQuality "1"]
[WhiteTeam "Chania Kethon"]
[BlackTeam "Asos Rodou Hippotis"]
[WhiteTeamCountry "GRE"]
[BlackTeamCountry "GRE"]

1. c4 e5 2. Nc3 Nf6 3. g3 Bb4 4. Bg2 c6 5. Nf3 e4 6. Ng5 d5 7. cxd5 cxd5 8. Qb3 Bxc3 9. bxc3 h6 10. Nh3 0-0 11. 0-0 Re8 12. d3 d4 13. c4 Nc6 14. Ba3 Ne5 15. Nf4 e3 16. h3 Rb8 17. Bc5 b6 18. fxe3 Bxh3 19. Bxd4 Bxg2 20. Nxg2 Qc7 21. Qc3 Neg4 22. Rf3 Nh5 23. Nf4 Nhf6 24. Kg2 Rbd8 25. Rh1 Qc6 26. e4 Nxe4 27. dxe4 Rxe4 28. e3 f6 29. Ng6 Rdxd4 1-0

[Event "GRE-chT Online Rapid op 1st"]
[Site "Tornelo INT"]
[Date "2021.02.20"]
[Round "1.26"]
[White "Loukakis, Nikolaos"]
[Black "Gioras, Ioannis"]
[Result "0-1"]
[WhiteElo "1008"]
[BlackElo "1715"]
[PlyCount "64"]
[EventDate "2021.02.20"]
[EventType "team-swiss (rapid)"]
[EventRounds "9"]
[EventCountry "GRE"]
[SourceTitle "EXT 2023"]
[Source "ChessBase"]
[SourceDate "2022.10.05"]
[SourceVersion "1"]
[SourceVersionDate "2022.10.05"]
[SourceQuality "1"]

1. d4 Nf6 2. c4 e6 3. Nc3 Bb4 4. e3 c5 5. dxc5 Bxc5 6. e4 Nc6 7. Bg5 0-0 8. Nf3 h6 9. Bh4 Be7 10. g3 g5 11. e5 Nh7 12. Bd3 f5 13. exf6 Bxf6 14. Rg1 Qe7 15. Qd2 Qg7 16. Bc2 Bxc3 17. bxc3 Rxf3 18. Ke2 Qxc3 19. Bxh7+ Kxh7 20. Qd1 Nd4+ 21. Kf1 Qxc4+ 22. Kg2 Qd5 23. Kf1 b6 24. Qb1+ Kg7 25. Qb2 Ba6+ 26. Ke1 Qe4+ 27. Kd1 Be2+ 28. Kc1 Rc8+ 29. Kd2 Rd3+ 30. Ke1 Rc2 31. Qb1 Bf3+ 32. Kf1 Qe2# 0-1